Môj život v reklame & vedecká reklama

Gespeichert in:
Bibliographische Detailangaben
1. Verfasser: Hopkins, Claude C.
Weitere Verfasser: Nagyová, Janka
Format: Buch
Sprache:Slowakisch
Veröffentlicht: Bratislava Foote, Cone & Belding, s.r.o. 2003
Schlagworte:
Tags: Tag hinzufügen
Keine Tags, Fügen Sie das erste Tag hinzu!

MARC

LEADER 00000nam$a2200000$$$4500
001 0008121
005 20240314091242.6
020 |a 80-968967-1-7 
041 0 |a slo 
044 |a SK 
245 1 0 |a Môj život v reklame & vedecká reklama  |c Claude C. Hopkins ; preklad: Janka Nagyová 
264 1 |a Bratislava  |b Foote, Cone & Belding, s.r.o.  |c 2003 
300 |a 217 s. 
610 2 0 |a reklama 
610 2 0 |a predaj 
610 2 0 |a propagácia 
610 2 0 |a reklama vonkajšia 
610 2 0 |a umenie 
610 2 0 |a taktika reklamy 
610 2 0 |a trh reklamný 
610 2 0 |a adresnosť reklamy 
610 2 0 |a reklama klamlivá 
610 2 0 |a techniky reklamné 
610 2 0 |a tvorba reklamy 
610 2 0 |a psychológia reklamy 
100 1 |a Hopkins, Claude C. 
700 1 |a Nagyová, Janka